[Event "24th Bosnjaci Open 2019"]
[Site "Bosnjaci"]
[Date "2019.01.09"]
[Round "9.21"]
[White "Brkic, Zdenko"]
[Black "Mutapcic, Ilija"]
[Result "0-1"]
[WhiteElo "2072"]
[BlackElo "1836"]
[Annotator "NA"]
[PlyCount "58"]
[EventDate "2019.01.03"]
[EventType "swiss"]
[EventCountry "CRO"]
[SourceTitle "playchess.com"]
[Source "ChessBase"]
[SourceQuality "1"]
[TimeControl "5400+30"]

1. d4 {[%emt 0:00:30]} d5 {[%emt 0:00:30]} 2. Nf3 {[%emt 0:00:00]} Nf6 {[%emt 0:00:00]} 3. g3 {[%emt 0:00:00]} Bf5 {[%emt 0:00:00]} 4. Bg2 {[%emt 0:00:30]} e6 {[%emt 0:00:30]} 5. O-O {[%emt 0:00:00] LiveBook: 288 Games} Be7 {[%emt 0:00:30]} 6. Bg5 {[%emt 0:01:00] D02: 1 d4 d5 2 Nf3 sidelines, including 2...Nf6 3 g3 and 2...Nf6 3 Bf4} (6. c4 c6 7. Nc3 Nbd7 8. b3 Ne4 9. Bb2 O-O 10. Nxe4 Bxe4 11. Nd2 Bxg2 12. Kxg2 f5 {½-½ (12) Mirzoev,A (2557)-Barsov,A (2533) Tashkent 2013}) 6... O-O {[%emt 0:00:30]} 7. Re1 $146 {[%emt 0:05:30]} ({Predecessor:} 7. Nbd2 Nbd7 8. Nh4 Bg6 9. Nxg6 hxg6 10. e4 dxe4 11. Nxe4 Nxe4 12. Bxe7 Qxe7 13. Bxe4 {½-½ (45) Milicevic,Z (1592)-Mazzini,K (1656) Nova Gorica 2017}) 7... Nbd7 {[%emt 0:02:30]} 8. Nbd2 {[%emt 0:01:30]} Rc8 {[%emt 0:03:30]} 9. Nf1 {[%emt 0:00:30]} b6 {[%emt 0:00:30]} 10. Ne3 {[%emt 0:26:30]} Bg6 {[%emt 0:04:30]} 11. Ne5 {[%emt 0:00:30]} c5 {[%emt 0:01:30]} 12. Nxg6 {[%emt 0:00:30]} hxg6 {[%emt 0:00:30]} 13. dxc5 {[%emt 0:00:00]} bxc5 {[%emt 0:00:30]} 14. c4 {[%emt 0:00:00]} d4 {[%emt 0:01:30]} 15. Nc2 {[%emt 0:00:30]} e5 {[%emt 0:00:30]} 16. e4 {[%emt 0:00:30]} Rb8 {[%emt 0:01:30]} 17. b3 {[%emt 0:00:30]} Re8 {[%emt 0:05:30]} 18. Qd3 {[%emt 0:03:30]} a5 {[%emt 0:01:30]} 19. a4 {[%emt 0:00:30]} ({Better is} 19. Reb1 $11) 19... Rb6 {[%emt 0:00:30]} 20. Reb1 {[%emt 0:01:30]} Ng4 {[%emt 0:01:30]} 21. Bxe7 {[%emt 0:00:00]} Qxe7 {[%emt 0:00:30]} 22. Na3 {[%emt 0:01:00]} Rf8 {[%emt 0:00:30]} 23. Bh3 {[%emt 0:00:30]} f5 {[%emt 0:01:30]} 24. exf5 {[%emt 0:00:30]} e4 {[%emt 0:00:30]} 25. Qc2 {[%emt 0:00:30]} gxf5 {[%emt 0:00:30]} 26. Nb5 {[%emt 0:00:30]} Nde5 {[%emt 0:00:30]} 27. Bg2 $19 {[%emt 0:00:30]} d3 {[%emt 0:02:30]} 28. Qc3 {[%emt 0:00:30]} Qf6 {[%emt 0:00:30]} 29. Rf1 {[%emt 0:00:30]} Rxb5 {[%emt 0:00:30]} 0-1

[Event "24th Bosnjaci Open 2019"]
[Site "Bosnjaci"]
[Date "2019.01.09"]
[Round "9.22"]
[White "Slobodjanac, Sinisa"]
[Black "Golub, Nikolina"]
[Result "1-0"]
[WhiteElo "1797"]
[BlackElo "1925"]
[Annotator "NA"]
[PlyCount "105"]
[EventDate "2019.01.03"]
[EventType "swiss"]
[EventCountry "CRO"]
[SourceTitle "playchess.com"]
[Source "ChessBase"]
[SourceQuality "1"]
[TimeControl "5400+30"]

1. b4 {[%emt 0:00:30]} e6 {[%emt 0:00:30]} 2. Bb2 {[%emt 0:00:00]} Nf6 {[%emt 0:00:00]} 3. a3 {[%emt 0:00:00]} d5 {[%emt 0:00:00]} 4. e3 {[%emt 0:00:30]} Be7 {[%emt 0:00:00]} 5. c4 {[%emt 0:00:00] A00: Irregular Openings} O-O {[%emt 0:00:00]} 6. Nf3 {[%emt 0:00:00]} a6 {[%emt 0:02:30]} 7. Nc3 {[%emt 0:00:30]} dxc4 $146 {[%emt 0:06:30]} ({Predecessor:} 7... b6 8. cxd5 exd5 9. d4 Bb7 10. Bd3 Nbd7 11. O-O Bd6 12. Rb1 Re8 13. Qb3 Qe7 14. Rfd1 Rad8 15. b5 a5 16. g3 Qe6 17. Bf1 Ng4 18. Re1 Qf5 19. Bg2 Ndf6 {0-1 (40) Tosic,M (2480)-Mitkov,N (2495) Skopje 1993}) 8. Bxc4 {[%emt 0:00:00]} b5 {[%emt 0:00:00]} 9. Be2 {[%emt 0:00:00]} Bb7 {[%emt 0:01:00]} 10. O-O {[%emt 0:00:30]} c5 {[%emt 0:05:30]} 11. bxc5 {[%emt 0:00:30]} Bxc5 {[%emt 0:00:30]} 12. d4 {[%emt 0:02:30]} Bb6 {[%emt 0:02:30]} 13. Ne5 {[%emt 0:00:30]} Nbd7 {[%emt 0:02:30]} 14. Bf3 {[%emt 0:03:30]} Qc7 {[%emt 0:03:30]} 15. Rc1 {[%emt 0:06:30]} Bxf3 {[%emt 0:04:30]} 16. Qxf3 {[%emt 0:02:30]} Qd6 {[%emt 0:06:30]} 17. Rfd1 {[%emt 0:11:30]} Rac8 {[%emt 0:05:30]} 18. Ne4 {[%emt 0:13:30]} Nxe4 {[%emt 0:00:30]} 19. Rxc8 {[%emt 0:05:30]} Rxc8 {[%emt 0:00:30]} 20. Qxf7+ {[%emt 0:01:30]} Kh8 {[%emt 0:01:30]} 21. Qxd7 {[%emt 0:07:30]} Qxd7 {[%emt 0:02:30]} 22. Nxd7 $16 {[%emt 0:00:00]} Ba5 {[%emt 0:05:30]} 23. Rc1 {[%emt 0:06:00]} Rxc1+ {[%emt 0:12:30]} 24. Bxc1 {[%emt 0:00:30]} b4 {[%emt 0:01:30]} 25. f3 {[%emt 0:09:30]} Nc3 {[%emt 0:00:30]} 26. Kf1 {[%emt 0:00:30]} Na4 {[%emt 0:06:30]} 27. axb4 {[%emt 0:02:30]} Bxb4 {[%emt 0:00:00]} 28. Ke2 {[%emt 0:00:30]} Kg8 {[%emt 0:00:00]} 29. Bd2 {[%emt 0:00:30]} Bd6 {[%emt 0:02:30]} 30. h3 {[%emt 0:03:30]} Kf7 {[%emt 0:00:30]} 31. Ba5 {[%emt 0:01:30]} Ke7 {[%emt 0:03:30]} 32. Nb6 {[%emt 0:02:30]} Nxb6 {[%emt 0:00:30]} 33. Bxb6 {[%emt 0:00:30]} Kd7 {[%emt 0:00:00]} 34. Kd3 {[%emt 0:01:30]} Kc6 {[%emt 0:00:00]} 35. Ba5 {[%emt 0:00:30]} Kb5 {[%emt 0:00:30]} 36. Bc3 {[%emt 0:00:30]} g6 {[%emt 0:00:00]} 37. g4 {[%emt 0:10:04]} Bb4 {[%emt 0:05:00]} 38. f4 {[%emt 0:01:11]} Bxc3 {[%emt 0:00:30]} 39. Kxc3 {[%emt 0:00:06]} a5 {[%emt 0:00:30]} 40. e4 {[%emt 0:00:28]} a4 {[%emt 0:01:30]} 41. f5 {[%emt 0:00:40]} exf5 {[%emt 0:00:30]} 42. exf5 {[%emt 0:01:27]} gxf5 {[%emt 0:00:30]} 43. gxf5 {[%emt 0:00:05]} Kc6 {[%emt 0:00:30]} 44. Kb4 {[%emt 0:00:28]} a3 {[%emt 0:00:30]} 45. Kxa3 {[%emt 0:00:04]} Kd6 {[%emt 0:00:30]} 46. Kb4 {[%emt 0:00:21]} h5 {[%emt 0:01:30]} 47. Kc4 {[%emt 0:00:15]} Ke7 {[%emt 0:00:30]} 48. d5 {[%emt 0:00:40]} Kf6 {[%emt 0:00:30]} 49. d6 {[%emt 0:00:11]} Kxf5 {[%emt 0:00:30]} 50. d7 {[%emt 0:00:11]} Kf4 {[%emt 0:00:00]} 51. d8=Q {[%emt 0:00:13]} Kg3 {[%emt 0:00:00]} 52. Qd7 {[%emt 0:00:33]} h4 {[%emt 0:00:30]} 53. Qg4+ {[%emt 0:00:24]} 1-0

[Event "24th Bosnjaci Open 2019"]
[Site "Bosnjaci"]
[Date "2019.01.09"]
[Round "9.23"]
[White "Mikic, Ivana"]
[Black "Dinic, Nenad"]
[Result "1/2-1/2"]
[WhiteElo "1739"]
[BlackElo "1881"]
[Annotator "NA"]
[PlyCount "28"]
[EventDate "2019.01.03"]
[EventType "swiss"]
[EventCountry "CRO"]
[SourceTitle "playchess.com"]
[Source "ChessBase"]
[SourceQuality "1"]
[TimeControl "5400+30"]

1. e4 {[%emt 0:00:30]} c5 {[%emt 0:06:30]} 2. Nf3 {[%emt 0:00:00]} Nf6 {[%emt 0:00:30]} 3. e5 {[%emt 0:03:00]} Nd5 {[%emt 0:00:30]} 4. Bc4 {[%emt 0:00:30]} Nb6 {[%emt 0:02:30]} 5. Qe2 {[%emt 0:03:30]} Nxc4 {[%emt 0:02:30]} 6. Qxc4 {[%emt 0:00:30]} e6 {[%emt 0:02:30]} 7. O-O {[%emt 0:02:30]} Nc6 {[%emt 0:02:30]} 8. c3 {[%emt 0:03:30]} d5 {[%emt 0:04:30]} 9. exd6 {[%emt 0:07:30]} Bxd6 {[%emt 0:06:30]} 10. d4 {[%emt 0:02:30]} cxd4 {[%emt 0:01:30]} 11. Nxd4 {[%emt 0:00:30]} Bd7 {[%emt 0:26:30]} 12. Nb5 {[%emt 0:02:30]} Bb8 $15 {[%emt 0:01:30]} 13. Bf4 {[%emt 0:08:30]} Bxf4 {[%emt 0:02:30]} 14. Qxf4 {[%emt 0:00:30]} O-O {[%emt 0:00:30]} 1/2-1/2

[Event "24th Bosnjaci Open 2019"]
[Site "Bosnjaci"]
[Date "2019.01.09"]
[Round "9.24"]
[White "Maroslavac, Ivana"]
[Black "Turicar, Goran"]
[Result "0-1"]
[WhiteElo "1637"]
[BlackElo "1862"]
[Annotator "NA"]
[PlyCount "128"]
[EventDate "2019.01.03"]
[EventType "swiss"]
[EventCountry "CRO"]
[SourceTitle "playchess.com"]
[Source "ChessBase"]
[SourceQuality "1"]
[TimeControl "5400+30"]

1. e4 {[%emt 0:00:30]} c5 {[%emt 0:00:30]} 2. Nf3 {[%emt 0:00:00]} e6 {[%emt 0:00:30]} 3. d4 {[%emt 0:00:00]} cxd4 {[%emt 0:00:30]} 4. Nxd4 {[%emt 0:00:30]} a6 {[%emt 0:00:30]} 5. g3 {[%emt 0:00:30]} Nf6 {[%emt 0:00:30]} 6. Bg2 {[%emt 0:00:30]} Qc7 {[%emt 0:00:30]} 7. O-O {[%emt 0:03:30]} Nc6 {[%emt 0:00:30]} 8. Be3 {[%emt 0:02:30]} Be7 {[%emt 0:00:30]} 9. Nc3 {[%emt 0:06:30]} O-O {[%emt 0:00:30]} 10. Qe2 {[%emt 0:01:30]} d6 {[%emt 0:07:30]} 11. Rad1 {[%emt 0:04:30] LiveBook: 23 Games} Bd7 {[%emt 0:03:30]} 12. f4 {[%emt 0:05:30]} Nxd4 {[%emt 0:02:30] B80: Sicilian Scheveningen: 6 g3 and 6 Be3, including English Attack} 13. Bxd4 {[%emt 0:00:30]} e5 {[%emt 0:03:30] [#]} 14. fxe5 $146 {[%emt 0:10:30]} ({Predecessor:} 14. Be3 Bg4 15. Bf3 Be6 16. Qg2 b5 17. Nd5 Bxd5 18. exd5 exf4 19. gxf4 Nd7 20. Rfe1 {½-½ (50) Lu,S (2607)-Zhou,J (2616) Shenzhen 2016}) 14... dxe5 {[%emt 0:00:30]} 15. Be3 {[%emt 0:00:30]} Rac8 {[%emt 0:00:30]} 16. Rfe1 {[%emt 0:07:30]} Be6 {[%emt 0:01:30]} 17. Nd5 $1 {[%emt 0:10:30]} Bxd5 {[%emt 0:08:30]} 18. exd5 {[%emt 0:00:30]} Bd6 {[%emt 0:00:30]} 19. c3 {[%emt 0:00:30]} b5 {[%emt 0:00:30]} 20. Rc1 {[%emt 0:05:30]} e4 {[%emt 0:02:30]} 21. Bf2 {[%emt 0:04:30]} (21. Bg5 $14) 21... Nxd5 {[%emt 0:01:30]} (21... Rfe8 $15 22. Rcd1 Re5) 22. Qxe4 {[%emt 0:00:30]} Nf6 {[%emt 0:00:30]} 23. Qb7 {[%emt 0:01:30]} Qa5 {[%emt 0:03:30]} 24. Qb6 {[%emt 0:02:30]} Qxb6 {[%emt 0:06:30]} 25. Bxb6 {[%emt 0:00:30]} Bc5+ {[%emt 0:00:30]} 26. Bxc5 {[%emt 0:00:00]} Rxc5 {[%emt 0:00:00]} 27. Rcd1 $11 {[%emt 0:01:00]} a5 {[%emt 0:01:00]} 28. Rd4 {[%emt 0:00:30]} g6 {[%emt 0:01:30]} 29. a4 {[%emt 0:04:30]} bxa4 {[%emt 0:00:30]} 30. Rxa4 {[%emt 0:00:30]} Rb8 {[%emt 0:01:30]} 31. Re2 {[%emt 0:01:30]} Nd7 {[%emt 0:01:30]} 32. Rae4 {[%emt 0:00:30]} Kg7 {[%emt 0:00:30]} 33. Bh3 {[%emt 0:02:30]} Nf6 {[%emt 0:03:30]} 34. Rd4 {[%emt 0:01:30]} Rb7 {[%emt 0:01:30]} 35. Bg2 {[%emt 0:01:30]} Rbc7 {[%emt 0:00:30]} 36. Ra4 {[%emt 0:02:30]} h5 {[%emt 0:01:30]} 37. Re3 {[%emt 0:01:52]} Ng4 {[%emt 0:00:30]} 38. Rd3 {[%emt 0:01:10]} Re7 {[%emt 0:00:30]} 39. Re4 {[%emt 0:01:52]} Rec7 {[%emt 0:00:30]} 40. h3 {[%emt 0:00:34]} Ne5 {[%emt 0:02:30]} 41. Rdd4 {[%emt 0:02:18]} f6 {[%emt 0:00:30]} 42. Re2 {[%emt 0:01:47]} Rb5 {[%emt 0:04:30]} 43. Rd5 {[%emt 0:01:22]} Rcc5 {[%emt 0:03:30]} 44. Rxc5 {[%emt 0:03:01]} Rxc5 {[%emt 0:00:00]} 45. Bf1 {[%emt 0:01:11]} Kh6 {[%emt 0:02:00]} 46. Re3 {[%emt 0:02:18]} Rd5 {[%emt 0:00:30]} 47. Kf2 {[%emt 0:01:05]} g5 {[%emt 0:01:30]} 48. Bg2 {[%emt 0:01:16]} Rb5 {[%emt 0:01:30]} 49. b4 {[%emt 0:02:42]} axb4 {[%emt 0:00:30]} 50. cxb4 {[%emt 0:00:04]} Rxb4 {[%emt 0:00:00]} 51. Re4 {[%emt 0:00:53]} Rb2+ {[%emt 0:02:00]} 52. Re2 {[%emt 0:00:46]} Nd3+ {[%emt 0:03:30]} 53. Ke3 {[%emt 0:00:15]} Rb3 {[%emt 0:00:30]} 54. Kd2 {[%emt 0:01:17]} Ne5 {[%emt 0:00:30]} 55. g4 {[%emt 0:01:46]} hxg4 {[%emt 0:00:30]} 56. hxg4 {[%emt 0:00:04]} Rb2+ {[%emt 0:00:30]} 57. Ke3 {[%emt 0:00:13]} Nxg4+ {[%emt 0:00:30]} 58. Kf3 {[%emt 0:00:21]} Rxe2 {[%emt 0:00:30]} 59. Kxe2 {[%emt 0:00:05]} f5 {[%emt 0:00:00]} 60. Bh3 {[%emt 0:00:42]} Kh5 {[%emt 0:00:00]} 61. Kf3 {[%emt 0:00:19]} Ne5+ {[%emt 0:00:30]} 62. Kg3 {[%emt 0:00:30]} f4+ {[%emt 0:00:30]} 63. Kf2 {[%emt 0:00:18]} Kh4 {[%emt 0:00:30]} 64. Bc8 {[%emt 0:00:15]} g4 {[%emt 0:00:30]} 0-1